000 00335nam a2200121 a 4500
005 20201002061645.0
008 190718s1990 000 spa d
020 _a8440455186
100 _aPalacios, Santiago / Menéndez, Carmen
_976478
245 0 _aMenopausia y calidad de vida.
260 _aSanto Domingo,
_c1990.
999 _c48591
_d48591
040 _aDO-SdBNP